00429cam a22001572 4500001001100000005001700011008004100028020002700069040001500096050001600111100003100127245002800158260003000186300001600216650003900232000000365420151217154341.0070511s xx 000 0 eng d a0582727006 :cKES 1500 aKABUcKABU 0aLC191b.E941 aEzewn, Edward.@000015371010aSociology of education. aLondon :bLongman,c1983. avii, 152 p. 0aEducational sociology.@0000153711